[Event "CZE-chT2F 2223"]
[Site "Czech Republic"]
[Date "2023.03.26"]
[Round "11"]
[White "Warchol, Kamil"]
[Black "Stefanik, Marek"]
[Result "1-0"]
[WhiteElo "2159"]
[BlackElo "2035"]
[PlyCount "73"]
[EventDate "2022.10.16"]
[EventType "team-tourn"]
[EventRounds "11"]
[EventCountry "CZE"]
[SourceTitle "EXT 2024"]
[Source "ChessBase"]
[SourceDate "2023.10.10"]
[SourceVersion "1"]
[SourceVersionDate "2023.10.10"]
[SourceQuality "1"]
[WhiteTeam "Hostalkova II"]
[BlackTeam "Koprivnice Tatra"]
[WhiteTeamCountry "CZE"]
[BlackTeamCountry "CZE"]

1. e4 e5 2. Nf3 Nc6 3. d4 exd4 4. Nxd4 Nf6 5. Nxc6 bxc6 6. e5 Qe7 7. Qe2 Nd5 8. h4 a5 9. c4 Ba6 10. g3 Qb4+ 11. Nd2 0-0-0 12. a3 Qb6 13. Qe4 Bc5 14. cxd5 Bxf2+ 15. Kd1 Bb7 16. Qf3 cxd5 17. Rh2 Bd4 18. Re2 Rhe8 19. Qb3 Qg6 20. Nf3 Bb6 21. Bf4 d4 22. Nd2 Re6 23. Bg2 d3 24. Bxb7+ Kxb7 25. Re3 a4 26. Qb4 f6 27. Qe4+ d5 28. Qxg6 hxg6 29. Re1 Rde8 30. Nf3 Bf2 31. Rf1 fxe5 32. Rxf2 exf4 33. gxf4 Re4 34. Ne5 Re6 35. Nxd3 Rd4 36. Rd2 Kb6 37. Nb4 1-0

[Event "Moravia-Silesia Region-chT 2223"]
[Site "Czech Republic"]
[Date "2023.02.26"]
[Round "9"]
[White "Panek, Bartosz"]
[Black "Stefanik, Marek"]
[Result "1-0"]
[WhiteElo "2159"]
[BlackElo "2035"]
[PlyCount "41"]
[EventDate "2022.10.09"]
[EventType "team-tourn"]
[EventRounds "11"]
[EventCountry "CZE"]
[SourceTitle "EXT 2024"]
[Source "ChessBase"]
[SourceDate "2023.10.10"]
[SourceVersion "1"]
[SourceVersionDate "2023.10.10"]
[SourceQuality "1"]
[WhiteTeam "Petrovice Inter"]
[BlackTeam "Koprivnice Tatra II"]
[WhiteTeamCountry "CZE"]
[BlackTeamCountry "CZE"]

1. e4 e5 2. Nf3 Nc6 3. Bc4 Nf6 4. Ng5 d5 5. exd5 Na5 6. Bb5+ c6 7. dxc6 bxc6 8. Bd3 Bd6 9. Nc3 Nd5 10. h4 h6 11. Qh5 Rf8 12. Nxd5 hxg5 13. Ne3 g4 14. Nf5 g6 15. Nxd6+ Qxd6 16. Qg5 Be6 17. b3 Qd4 18. 0-0 g3 19. Ba3 c5 20. Bb5+ Bd7 21. c3 1-0

[Event "CZE-chT2F 2223"]
[Site "Czech Republic"]
[Date "2023.02.19"]
[Round "9"]
[White "Straka, Jozef1"]
[Black "Stefanik, Marek"]
[Result "0-1"]
[WhiteElo "2326"]
[BlackElo "2035"]
[PlyCount "80"]
[EventDate "2022.10.16"]
[EventType "team-tourn"]
[EventRounds "11"]
[EventCountry "CZE"]
[SourceTitle "EXT 2024"]
[Source "ChessBase"]
[SourceDate "2023.10.10"]
[SourceVersion "1"]
[SourceVersionDate "2023.10.10"]
[SourceQuality "1"]
[WhiteTeam "Dobra Sokol"]
[BlackTeam "Koprivnice Tatra"]
[WhiteTeamCountry "CZE"]
[BlackTeamCountry "CZE"]

1. d4 Nf6 2. c4 e6 3. Nf3 b6 4. g3 Bb7 5. Bg2 c5 6. d5 exd5 7. Nh4 g6 8. cxd5 Bg7 9. 0-0 0-0 10. Nc3 d6 11. h3 Nfd7 12. f4 f5 13. Kh2 Nf6 14. Nf3 Na6 15. Qb3 Re8 16. Rd1 h6 17. Ne5 Kh7 18. Nc4 Nc7 19. e3 Qe7 20. a4 Ba6 21. Na3 Bc8 22. Nab5 a6 23. Nxc7 Qxc7 24. Qc4 Bd7 25. Rb1 Qb7 26. b4 Rac8 27. Bd2 b5 28. bxc5 Rxc5 29. Qd3 b4 30. a5 Rxa5 31. Qc4 Rb8 32. Na2 Rc5 33. Qxb4 Rb5 34. Qxd6 Rxb1 35. Rxb1 Qxb1 36. Bc3 Qb6 37. Qe7 Re8 38. Qf7 Bb5 39. Bd4 Qd6 40. Nc3 Re7 0-1

[Event "Moravia-Silesia Region-chT 2223"]
[Site "Czech Republic"]
[Date "2023.01.15"]
[Round "6"]
[White "Stefanik, Marek"]
[Black "Byma, Pavel"]
[Result "1/2-1/2"]
[WhiteElo "2026"]
[BlackElo "2129"]
[PlyCount "117"]
[EventDate "2022.10.09"]
[EventType "team-tourn"]
[EventRounds "11"]
[EventCountry "CZE"]
[SourceTitle "EXT 2024"]
[Source "ChessBase"]
[SourceDate "2023.10.10"]
[SourceVersion "1"]
[SourceVersionDate "2023.10.10"]
[SourceQuality "1"]
[WhiteTeam "Koprivnice Tatra II"]
[BlackTeam "Dolni Benesov II"]
[WhiteTeamCountry "CZE"]
[BlackTeamCountry "CZE"]

1. e4 e6 2. d4 d5 3. Nc3 Bb4 4. e5 c5 5. a3 Bxc3+ 6. bxc3 Qa5 7. Bd2 Qa4 8. Qg4 g6 9. Rc1 Qxa3 10. h4 h5 11. Qf4 c4 12. Nf3 Nc6 13. Ng5 Qe7 14. Ra1 f6 15. Nf3 Rh7 16. Bc1 Qf7 17. Qd2 Nh6 18. exf6 Qxf6 19. Ng5 Rh8 20. Rh3 Nf5 21. Rf3 Bd7 22. g3 0-0-0 23. Bh3 a6 24. Bxf5 exf5 25. Qf4 Rde8+ 26. Re3 Rxe3+ 27. fxe3 Qg7 28. Ba3 Qf6 29. Bc5 Nd8 30. Ba7 Bc6 31. Nf3 Nf7 32. Bb8 Qe7 33. Kf2 Re8 34. Ne5 Nxe5 35. Bxe5 Bb5 36. Kf3 b6 37. Ke2 Kb7 38. Kd2 a5 39. Kc1 Bd7 40. Kb2 Be6 41. Qf3 Ka6 42. Qf4 Rd8 43. Qh6 Bf7 44. Qg7 Re8 45. Qh6 b5 46. Qf4 Kb6 47. Bd6 Qxe3 48. Bc7+ Kb7 49. Rxa5 Qxf4 50. Bxf4 Kb6 51. Ra1 Be6 52. Re1 Kc6 53. Ra1 Kb7 54. Re1 Re7 55. Bg5 Re8 56. Bf4 Kc6 57. Ra1 Bc8 58. Ra8 Kb7 59. Rb8+ 1/2-1/2

[Event "CZE-chT2F 2223"]
[Site "Czech Republic"]
[Date "2022.12.04"]
[Round "4"]
[White "Neumann, Filip"]
[Black "Stefanik, Marek"]
[Result "1-0"]
[WhiteElo "2204"]
[BlackElo "2035"]
[PlyCount "55"]
[EventDate "2022.10.16"]
[EventType "team-tourn"]
[EventRounds "11"]
[EventCountry "CZE"]
[SourceTitle "EXT 2024"]
[Source "ChessBase"]
[SourceDate "2023.10.10"]
[SourceVersion "1"]
[SourceVersionDate "2023.10.10"]
[SourceQuality "1"]
[WhiteTeam "Ostrava II"]
[BlackTeam "Koprivnice Tatra"]
[WhiteTeamCountry "CZE"]
[BlackTeamCountry "CZE"]

1. d4 Nf6 2. Nc3 d5 3. Bf4 a6 4. e3 c5 5. dxc5 Qa5 6. Bxb8 Rxb8 7. Qd4 e6 8. b4 Qc7 9. Nf3 Nd7 10. a3 Be7 11. Qd2 b6 12. cxb6 Nxb6 13. Nd1 0-0 14. c3 Bf6 15. Rc1 a5 16. Nd4 Nc4 17. Bxc4 Qxc4 18. Nb2 Qc7 19. Nb3 axb4 20. cxb4 Qe5 21. Nd3 Qg5 22. 0-0 e5 23. Rc5 Ba6 24. Rd1 Be7 25. Rxd5 Bb7 26. f4 Qg6 27. Nxe5 Qe6 28. Rd3 1-0

[Event "Ostrava Konik op-A"]
[Site "Ostrava"]
[Date "2022.05.05"]
[Round "6"]
[White "Stefanik, Marek"]
[Black "Ockay, Tomas"]
[Result "1-0"]
[WhiteElo "2031"]
[BlackElo "2110"]
[PlyCount "75"]
[EventDate "2022.04.30"]
[EventType "swiss"]
[EventRounds "9"]
[EventCountry "CZE"]
[SourceTitle "CBM 208 Extra"]
[Source "ChessBase"]
[SourceDate "2022.07.31"]
[SourceVersion "1"]
[SourceVersionDate "2022.07.31"]
[SourceQuality "1"]

1. e4 c6 2. d4 d5 3. f3 e6 4. Nc3 b6 5. Bf4 Bd6 6. Qd2 Ne7 7. h4 h6 8. Nge2 Ba6 9. 0-0-0 Qc7 10. Bxd6 Qxd6 11. f4 Nd7 12. f5 exf5 13. e5 Qc7 14. Nf4 Bxf1 15. Rdxf1 Nf8 16. Nh5 Ne6 17. g4 fxg4 18. Rhg1 Ng6 19. Qf2 Rf8 20. Rxg4 0-0-0 21. Ng3 Ne7 22. Qe2 b5 23. Rf3 Qb6 24. Qf2 Kd7 25. Nce2 b4 26. Nf5 h5 27. Rg1 g6 28. Nxe7 Kxe7 29. Rf1 f5 30. exf6+ Kf7 31. Rg3 Rg8 32. Qe3 Qa6 33. Rf2 Qxa2 34. Qh6 Nf8 35. Re3 Rd7 36. Qg5 Ne6 37. Rxe6 Kxe6 38. f7 1-0

[Event "CZE-chT2F 1920"]
[Site "Czech Republic"]
[Date "2019.11.03"]
[Round "2.8"]
[White "Zimniok, Zdenek"]
[Black "Stefanik, Marek"]
[Result "0-1"]
[WhiteElo "1723"]
[BlackElo "1944"]
[PlyCount "64"]
[EventDate "2019.10.13"]
[EventType "team-tourn"]
[EventRounds "11"]
[EventCountry "CZE"]
[SourceTitle "EXT 2024"]
[Source "ChessBase"]
[SourceDate "2023.10.10"]
[SourceVersion "1"]
[SourceVersionDate "2023.10.10"]
[SourceQuality "1"]
[WhiteTeam "Karvina"]
[BlackTeam "Ostrava TJ Nova Hut II"]
[WhiteTeamCountry "CZE"]
[BlackTeamCountry "CZE"]

1. e4 e5 2. Nf3 Nc6 3. Bb5 a6 4. Bxc6 dxc6 5. h3 Bc5 6. 0-0 f6 7. d3 Ne7 8. Qe2 0-0 9. Be3 Bxe3 10. Qxe3 Ng6 11. Nc3 Be6 12. Rad1 Qe7 13. a3 Nf4 14. Ne2 g5 15. Nh2 Kh8 16. Nxf4 gxf4 17. Qf3 Rg8 18. Kh1 Rg6 19. Rg1 Rag8 20. Rdf1 Qg7 21. b4 Qh6 22. g4 fxg3 23. Rxg3 f5 24. Rfg1 Rxg3 25. Rxg3 Rxg3 26. Qxg3 f4 27. Ng4 fxg3 28. Nxh6 gxf2 29. Kg2 Bxh3+ 30. Kxf2 Kg7 31. Kg3 Kxh6 32. Kxh3 Kg5 0-1

[Event "Valasska Bystrice op 11th"]
[Site "Valasska Bystrice"]
[Date "2019.09.10"]
[Round "5"]
[White "Brousek, Jiri"]
[Black "Stefanik, Marek"]
[Result "1/2-1/2"]
[WhiteElo "1844"]
[BlackElo "2013"]
[PlyCount "75"]
[EventDate "2019.09.07"]
[EventType "swiss"]
[EventRounds "9"]
[EventCountry "CZE"]
[SourceTitle "EXT 2020"]
[Source "ChessBase"]
[SourceDate "2019.10.17"]
[SourceVersion "1"]
[SourceVersionDate "2019.10.17"]
[SourceQuality "1"]

1. d4 d5 2. Nf3 Nf6 3. e3 c6 4. c4 a6 5. a4 Bf5 6. Nc3 e6 7. Nh4 Bg6 8. Nxg6 hxg6 9. h3 Ne4 10. Nxe4 dxe4 11. Qb3 Qc7 12. Bd2 Nd7 13. a5 c5 14. Bc3 Bd6 15. Be2 Rb8 16. Qc2 Nf6 17. dxc5 Qxc5 18. b4 Qg5 19. Kf1 Qf5 20. c5 Bc7 21. Bxf6 gxf6 22. Rd1 0-0 23. Bg4 Qe5 24. g3 Rbd8 25. Kg2 f5 26. Be2 g5 27. Rxd8 Rxd8 28. Rd1 Rd5 29. Bc4 Rxd1 30. Qxd1 Qc3 31. Qd7 Qxc4 32. Qxc7 Qxb4 33. Qd8+ Kh7 34. Qxg5 Qxa5 35. Qe7 Kg6 36. h4 Qc3 37. Qxb7 Qxc5 38. Qxa6 1/2-1/2

[Event "Valasska Bystrice op 11th"]
[Site "Valasska Bystrice"]
[Date "2019.09.08"]
[Round "3"]
[White "Vrabel, Petr"]
[Black "Stefanik, Marek"]
[Result "0-1"]
[WhiteElo "1715"]
[BlackElo "2013"]
[PlyCount "52"]
[EventDate "2019.09.07"]
[EventType "swiss"]
[EventRounds "9"]
[EventCountry "CZE"]
[SourceTitle "EXT 2020"]
[Source "ChessBase"]
[SourceDate "2019.10.17"]
[SourceVersion "1"]
[SourceVersionDate "2019.10.17"]
[SourceQuality "1"]

1. c4 e5 2. a3 Nf6 3. h3 c5 4. Qc2 Nc6 5. e3 g6 6. b3 Bg7 7. Bb2 0-0 8. Be2 Qe7 9. Nc3 d6 10. d3 Be6 11. Bf3 Nd7 12. Nd5 Qd8 13. Ne2 f5 14. Ng3 Nf6 15. 0-0 Bxd5 16. cxd5 Ne7 17. e4 Qd7 18. Bc1 f4 19. Ne2 g5 20. Qd1 h5 21. Nc3 g4 22. hxg4 hxg4 23. Be2 Kf7 24. Qd2 Rh8 25. g3 f3 26. Bxf3 gxf3 0-1

[Event "Morava-ch U16"]
[Site "Loucna nad Desnou"]
[Date "2017.10.27"]
[Round "6"]
[White "Hladky, Tadeas"]
[Black "Stefanik, Marek"]
[Result "1/2-1/2"]
[WhiteElo "1467"]
[BlackElo "1771"]
[PlyCount "44"]
[EventDate "2017.10.24"]
[EventType "swiss"]
[EventRounds "9"]
[EventCountry "CZE"]
[SourceTitle "EXT 2020"]
[Source "ChessBase"]
[SourceDate "2019.10.17"]
[SourceVersion "1"]
[SourceVersionDate "2019.10.17"]
[SourceQuality "1"]

1. e4 d5 2. exd5 Nf6 3. Nf3 Nxd5 4. d4 e6 5. Be2 Nc6 6. c4 Nf6 7. Nc3 Bb4 8. Be3 0-0 9. 0-0 b6 10. Qc2 Bb7 11. a3 Bxc3 12. Qxc3 Ne7 13. Ne5 Nf5 14. Rfd1 Nxe3 15. Qxe3 Nd7 16. Rac1 Nxe5 17. Qxe5 Rc8 18. b4 Qd6 19. Qe3 Rfe8 20. Bf3 Bxf3 21. Qxf3 c6 22. h3 h6 1/2-1/2

[Event "Morava-ch U16"]
[Site "Loucna nad Desnou"]
[Date "2017.10.25"]
[Round "3"]
[White "Stefanik, Marek"]
[Black "Skalsky, Alexandr"]
[Result "0-1"]
[WhiteElo "1771"]
[BlackElo "2152"]
[PlyCount "98"]
[EventDate "2017.10.24"]
[EventType "swiss"]
[EventRounds "9"]
[EventCountry "CZE"]
[SourceTitle "EXT 2020"]
[Source "ChessBase"]
[SourceDate "2019.10.17"]
[SourceVersion "1"]
[SourceVersionDate "2019.10.17"]
[SourceQuality "1"]

1. e4 c5 2. Nf3 g6 3. d4 cxd4 4. Nxd4 Nc6 5. Nc3 Bg7 6. Be3 Nf6 7. f3 0-0 8. Qd2 d5 9. Nxc6 bxc6 10. Rd1 Be6 11. exd5 Nxd5 12. Nxd5 Bxd5 13. c4 Be6 14. Be2 Qxd2+ 15. Rxd2 Rfb8 16. Bc5 Bxb2 17. Kf2 Bc3 18. Rc2 Bb4 19. Bxb4 Rxb4 20. Rd1 c5 21. g4 Rab8 22. h3 Rb2 23. Rdd2 Rxc2 24. Rxc2 g5 25. f4 gxf4 26. Kf3 Rd8 27. Kxf4 Rd4+ 28. Ke3 f5 29. gxf5 Bxf5 30. Rb2 Re4+ 31. Kf3 Rh4 32. Rb5 Rxh3+ 33. Kf4 Bd3 34. Bg4 Rh2 35. Rxc5 Rxa2 36. Rc7 Kf7 37. Ke5 Ra6 38. c5 Bb5 39. Bc8 Rc6 40. Rxc6 Bxc6 41. Be6+ Ke8 42. Bf5 h6 43. Bd3 Kd7 44. Bf5+ Kc7 45. Bd3 Bd7 46. Be4 h5 47. Kf4 h4 48. Kg5 h3 49. Kh4 h2 0-1

[Event "Pobeskydy U15 op"]
[Site "Frydek Mistek"]
[Date "2017.04.13"]
[Round "2"]
[White "Rocco, Federico"]
[Black "Stefanik, Marek"]
[Result "1-0"]
[WhiteElo "1946"]
[BlackElo "1725"]
[PlyCount "55"]
[EventDate "2017.04.13"]
[EventType "swiss"]
[EventRounds "8"]
[EventCountry "CZE"]
[SourceTitle "EXT 2018"]
[Source "ChessBase"]
[SourceDate "2017.10.13"]
[SourceVersion "1"]
[SourceVersionDate "2017.10.13"]
[SourceQuality "1"]

1. e4 d6 2. d4 Nf6 3. Nc3 c6 4. f4 b5 5. Bd3 a6 6. Nf3 Bg4 7. e5 dxe5 8. fxe5 Nd5 9. h3 Bxf3 10. Qxf3 e6 11. 0-0 Qd7 12. a4 Nxc3 13. bxc3 b4 14. cxb4 Bxb4 15. Qg4 g6 16. Be3 0-0 17. d5 Bc3 18. dxe6 Qxe6 19. Qxe6 fxe6 20. Rxf8+ Kxf8 21. Rf1+ Ke8 22. Rf6 Nd7 23. Rxe6+ Kd8 24. Rxc6 Bxe5 25. Rxa6 Rb8 26. Bb5 Rc8 27. Bg5+ Kc7 28. Ra7+ 1-0